| 000 | 00404nam a2200145 i 4500 | ||
|---|---|---|---|
| 001 | 58829 | ||
| 003 | ES-MaACL | ||
| 005 | 20230906163910.0 | ||
| 007 | t| | ||
| 008 | 031024s1949 po ||||1| por d | ||
| 245 | 0 | 0 | _aEleiçoes livres. |
| 260 |
_a[S.l. : _bs.n., _c1949] ( _eLisboa : _fOficinas Gráficas da Casa Portuguesa) |
||
| 300 |
_a9 h., 7 lám. ; _c24 cm. |
||
| 852 |
_aES-MaACL _j1897-F-6 _bR.27144 |
||
| 999 |
_c58829 _d58829 |
||